| 000 | 00805nam a2200229 i 4500 | ||
|---|---|---|---|
| 001 | 49491 | ||
| 003 | ES-MaACL | ||
| 005 | 20230906162000.0 | ||
| 007 | t| | ||
| 008 | 030716s1975 sp ||||1| spa d | ||
| 100 | 1 |
_aCossío y Corral, Alfonso de. _941026 |
|
| 245 | 1 | 0 |
_aInstituciones de derecho civil / _cAlfonso de Cossío. |
| 260 |
_a[Madrid] : _bAlianza, _c[1975] |
||
| 300 |
_a2 v. ; _c20 cm. |
||
| 490 | 1 |
_aAlianza universidad ; _v135-136 |
|
| 505 | 8 | _aContiene: V. I: Parte General: Derecho de obligaciones. V. II: Derechos reales: derecho de familia y sucesiones | |
| 740 | 0 | _aDerecho de obligaciones. | |
| 740 | 0 | _aDerechos reales : derecho de familia y sucesiones. | |
| 830 | 0 |
_aAlianza universidad ; _v135-136 _9177276 |
|
| 852 |
_aES-MaACL _jE-8742-3 _bR.93139 |
||
| 999 |
_c49491 _d49491 |
||